<?xml version="1.0" encoding="UTF-8"?>
<record
    xmlns:xsi="http://www.w3.org/2001/XMLSchema-instance"
    xsi:schemaLocation="http://www.loc.gov/MARC21/slim http://www.loc.gov/standards/marcxml/schema/MARC21slim.xsd"
    xmlns="http://www.loc.gov/MARC21/slim">

  <leader>00362nam a2200157Ia 4500</leader>
  <controlfield tag="003">OSt</controlfield>
  <controlfield tag="005">20240210111404.0</controlfield>
  <controlfield tag="008">170523s9999    xx            000 0 und d</controlfield>
  <datafield tag="020" ind1=" " ind2=" ">
    <subfield code="a">978-9325986688</subfield>
  </datafield>
  <datafield tag="040" ind1=" " ind2=" ">
    <subfield code="c">iimt university meerut</subfield>
  </datafield>
  <datafield tag="100" ind1=" " ind2=" ">
    <subfield code="a">DWIVEDI- DN</subfield>
  </datafield>
  <datafield tag="245" ind1=" " ind2="0">
    <subfield code="a">MANAGERIAL ECONOMIC</subfield>
  </datafield>
  <datafield tag="260" ind1=" " ind2=" ">
    <subfield code="b">Vikas Publication</subfield>
  </datafield>
  <datafield tag="260" ind1=" " ind2=" ">
    <subfield code="c">2000</subfield>
  </datafield>
  <datafield tag="942" ind1=" " ind2=" ">
    <subfield code="2">ddc</subfield>
    <subfield code="c">02</subfield>
  </datafield>
  <datafield tag="999" ind1=" " ind2=" ">
    <subfield code="c">461</subfield>
    <subfield code="d">461</subfield>
  </datafield>
  <datafield tag="952" ind1=" " ind2=" ">
    <subfield code="0">0</subfield>
    <subfield code="1">0</subfield>
    <subfield code="2">ddc</subfield>
    <subfield code="4">0</subfield>
    <subfield code="7">0</subfield>
    <subfield code="a">01</subfield>
    <subfield code="b">01</subfield>
    <subfield code="d">2017-05-31</subfield>
    <subfield code="p">01-B-1610</subfield>
    <subfield code="r">2017-05-31</subfield>
    <subfield code="u"> management</subfield>
    <subfield code="w">2017-05-31</subfield>
    <subfield code="y">02</subfield>
  </datafield>
  <datafield tag="952" ind1=" " ind2=" ">
    <subfield code="0">0</subfield>
    <subfield code="1">0</subfield>
    <subfield code="2">ddc</subfield>
    <subfield code="4">0</subfield>
    <subfield code="7">0</subfield>
    <subfield code="a">01</subfield>
    <subfield code="b">01</subfield>
    <subfield code="d">2017-05-31</subfield>
    <subfield code="p">01-B-1611</subfield>
    <subfield code="r">2017-05-31</subfield>
    <subfield code="u"> management</subfield>
    <subfield code="w">2017-05-31</subfield>
    <subfield code="y">02</subfield>
  </datafield>
  <datafield tag="952" ind1=" " ind2=" ">
    <subfield code="0">0</subfield>
    <subfield code="1">0</subfield>
    <subfield code="2">ddc</subfield>
    <subfield code="4">0</subfield>
    <subfield code="7">0</subfield>
    <subfield code="a">01</subfield>
    <subfield code="b">01</subfield>
    <subfield code="d">2017-05-31</subfield>
    <subfield code="p">01-B-1612</subfield>
    <subfield code="r">2017-05-31</subfield>
    <subfield code="u"> management</subfield>
    <subfield code="w">2017-05-31</subfield>
    <subfield code="y">02</subfield>
  </datafield>
  <datafield tag="952" ind1=" " ind2=" ">
    <subfield code="0">0</subfield>
    <subfield code="1">0</subfield>
    <subfield code="2">ddc</subfield>
    <subfield code="4">0</subfield>
    <subfield code="7">0</subfield>
    <subfield code="a">01</subfield>
    <subfield code="b">01</subfield>
    <subfield code="d">2017-05-31</subfield>
    <subfield code="p">01-B-1613</subfield>
    <subfield code="r">2017-05-31</subfield>
    <subfield code="u"> management</subfield>
    <subfield code="w">2017-05-31</subfield>
    <subfield code="y">02</subfield>
  </datafield>
  <datafield tag="952" ind1=" " ind2=" ">
    <subfield code="0">0</subfield>
    <subfield code="1">0</subfield>
    <subfield code="2">ddc</subfield>
    <subfield code="4">0</subfield>
    <subfield code="7">0</subfield>
    <subfield code="a">01</subfield>
    <subfield code="b">01</subfield>
    <subfield code="d">2017-05-31</subfield>
    <subfield code="p">01-B-1614</subfield>
    <subfield code="r">2017-05-31</subfield>
    <subfield code="u"> management</subfield>
    <subfield code="w">2017-05-31</subfield>
    <subfield code="y">02</subfield>
  </datafield>
  <datafield tag="952" ind1=" " ind2=" ">
    <subfield code="0">0</subfield>
    <subfield code="1">0</subfield>
    <subfield code="2">ddc</subfield>
    <subfield code="4">0</subfield>
    <subfield code="7">0</subfield>
    <subfield code="a">01</subfield>
    <subfield code="b">01</subfield>
    <subfield code="d">2017-05-31</subfield>
    <subfield code="p">01-B-1615</subfield>
    <subfield code="r">2017-05-31</subfield>
    <subfield code="u"> management</subfield>
    <subfield code="w">2017-05-31</subfield>
    <subfield code="y">02</subfield>
  </datafield>
  <datafield tag="952" ind1=" " ind2=" ">
    <subfield code="0">0</subfield>
    <subfield code="1">0</subfield>
    <subfield code="2">ddc</subfield>
    <subfield code="4">0</subfield>
    <subfield code="7">0</subfield>
    <subfield code="a">01</subfield>
    <subfield code="b">01</subfield>
    <subfield code="d">2017-05-31</subfield>
    <subfield code="p">01-B-1616</subfield>
    <subfield code="r">2019-06-12</subfield>
    <subfield code="u"> management</subfield>
    <subfield code="w">2017-05-31</subfield>
    <subfield code="y">02</subfield>
  </datafield>
  <datafield tag="952" ind1=" " ind2=" ">
    <subfield code="0">0</subfield>
    <subfield code="1">0</subfield>
    <subfield code="2">ddc</subfield>
    <subfield code="4">0</subfield>
    <subfield code="7">0</subfield>
    <subfield code="a">01</subfield>
    <subfield code="b">01</subfield>
    <subfield code="d">2017-05-31</subfield>
    <subfield code="p">01-B-1617</subfield>
    <subfield code="r">2017-05-31</subfield>
    <subfield code="u"> management</subfield>
    <subfield code="w">2017-05-31</subfield>
    <subfield code="y">02</subfield>
  </datafield>
  <datafield tag="952" ind1=" " ind2=" ">
    <subfield code="0">0</subfield>
    <subfield code="1">0</subfield>
    <subfield code="2">ddc</subfield>
    <subfield code="4">0</subfield>
    <subfield code="7">0</subfield>
    <subfield code="a">01</subfield>
    <subfield code="b">01</subfield>
    <subfield code="d">2017-05-31</subfield>
    <subfield code="p">01-B-1618</subfield>
    <subfield code="r">2017-05-31</subfield>
    <subfield code="u"> management</subfield>
    <subfield code="w">2017-05-31</subfield>
    <subfield code="y">20</subfield>
    <subfield code="z">Central Library to DDUMC Library Permanent Transfer</subfield>
  </datafield>
  <datafield tag="952" ind1=" " ind2=" ">
    <subfield code="0">0</subfield>
    <subfield code="1">0</subfield>
    <subfield code="2">ddc</subfield>
    <subfield code="4">0</subfield>
    <subfield code="7">0</subfield>
    <subfield code="a">01</subfield>
    <subfield code="b">01</subfield>
    <subfield code="d">2017-05-31</subfield>
    <subfield code="p">01-B-1619</subfield>
    <subfield code="r">2017-05-31</subfield>
    <subfield code="u"> management</subfield>
    <subfield code="w">2017-05-31</subfield>
    <subfield code="y">02</subfield>
  </datafield>
  <datafield tag="952" ind1=" " ind2=" ">
    <subfield code="0">0</subfield>
    <subfield code="1">0</subfield>
    <subfield code="2">ddc</subfield>
    <subfield code="4">0</subfield>
    <subfield code="7">0</subfield>
    <subfield code="a">01</subfield>
    <subfield code="b">01</subfield>
    <subfield code="d">2017-05-31</subfield>
    <subfield code="p">01-B-1620</subfield>
    <subfield code="r">2017-05-31</subfield>
    <subfield code="u"> management</subfield>
    <subfield code="w">2017-05-31</subfield>
    <subfield code="y">02</subfield>
  </datafield>
  <datafield tag="952" ind1=" " ind2=" ">
    <subfield code="0">0</subfield>
    <subfield code="1">0</subfield>
    <subfield code="2">ddc</subfield>
    <subfield code="4">0</subfield>
    <subfield code="7">0</subfield>
    <subfield code="a">01</subfield>
    <subfield code="b">01</subfield>
    <subfield code="d">2017-05-31</subfield>
    <subfield code="p">01-B-1621</subfield>
    <subfield code="r">2017-05-31</subfield>
    <subfield code="u"> management</subfield>
    <subfield code="w">2017-05-31</subfield>
    <subfield code="y">02</subfield>
  </datafield>
  <datafield tag="952" ind1=" " ind2=" ">
    <subfield code="0">0</subfield>
    <subfield code="1">0</subfield>
    <subfield code="2">ddc</subfield>
    <subfield code="4">0</subfield>
    <subfield code="7">0</subfield>
    <subfield code="a">01</subfield>
    <subfield code="b">01</subfield>
    <subfield code="d">2017-05-31</subfield>
    <subfield code="p">01-B-1622</subfield>
    <subfield code="r">2017-05-31</subfield>
    <subfield code="u"> management</subfield>
    <subfield code="w">2017-05-31</subfield>
    <subfield code="y">02</subfield>
  </datafield>
  <datafield tag="952" ind1=" " ind2=" ">
    <subfield code="0">0</subfield>
    <subfield code="1">0</subfield>
    <subfield code="2">ddc</subfield>
    <subfield code="4">0</subfield>
    <subfield code="7">0</subfield>
    <subfield code="a">01</subfield>
    <subfield code="b">01</subfield>
    <subfield code="d">2017-05-31</subfield>
    <subfield code="p">01-B-1623</subfield>
    <subfield code="r">2017-05-31</subfield>
    <subfield code="u"> management</subfield>
    <subfield code="w">2017-05-31</subfield>
    <subfield code="y">02</subfield>
  </datafield>
  <datafield tag="952" ind1=" " ind2=" ">
    <subfield code="0">0</subfield>
    <subfield code="1">0</subfield>
    <subfield code="2">ddc</subfield>
    <subfield code="4">0</subfield>
    <subfield code="7">0</subfield>
    <subfield code="a">01</subfield>
    <subfield code="b">01</subfield>
    <subfield code="d">2017-05-31</subfield>
    <subfield code="p">01-B-1624</subfield>
    <subfield code="r">2017-05-31</subfield>
    <subfield code="u"> management</subfield>
    <subfield code="w">2017-05-31</subfield>
    <subfield code="y">02</subfield>
  </datafield>
  <datafield tag="952" ind1=" " ind2=" ">
    <subfield code="0">0</subfield>
    <subfield code="1">0</subfield>
    <subfield code="2">ddc</subfield>
    <subfield code="4">0</subfield>
    <subfield code="7">0</subfield>
    <subfield code="a">01</subfield>
    <subfield code="b">01</subfield>
    <subfield code="d">2017-05-31</subfield>
    <subfield code="l">1</subfield>
    <subfield code="p">01-B-3976</subfield>
    <subfield code="r">2023-10-03</subfield>
    <subfield code="s">2023-10-03</subfield>
    <subfield code="u"> management</subfield>
    <subfield code="w">2017-05-31</subfield>
    <subfield code="y">02</subfield>
  </datafield>
  <datafield tag="952" ind1=" " ind2=" ">
    <subfield code="0">0</subfield>
    <subfield code="1">0</subfield>
    <subfield code="2">ddc</subfield>
    <subfield code="4">0</subfield>
    <subfield code="7">0</subfield>
    <subfield code="a">01</subfield>
    <subfield code="b">01</subfield>
    <subfield code="d">2017-05-31</subfield>
    <subfield code="p">01-B-3977</subfield>
    <subfield code="r">2017-05-31</subfield>
    <subfield code="u"> management</subfield>
    <subfield code="w">2017-05-31</subfield>
    <subfield code="y">02</subfield>
  </datafield>
  <datafield tag="952" ind1=" " ind2=" ">
    <subfield code="0">0</subfield>
    <subfield code="1">0</subfield>
    <subfield code="2">ddc</subfield>
    <subfield code="4">0</subfield>
    <subfield code="7">0</subfield>
    <subfield code="a">01</subfield>
    <subfield code="b">01</subfield>
    <subfield code="d">2017-05-31</subfield>
    <subfield code="p">01-B-3978</subfield>
    <subfield code="r">2017-05-31</subfield>
    <subfield code="u"> management</subfield>
    <subfield code="w">2017-05-31</subfield>
    <subfield code="y">02</subfield>
  </datafield>
  <datafield tag="952" ind1=" " ind2=" ">
    <subfield code="0">0</subfield>
    <subfield code="1">0</subfield>
    <subfield code="2">ddc</subfield>
    <subfield code="4">0</subfield>
    <subfield code="7">0</subfield>
    <subfield code="a">01</subfield>
    <subfield code="b">01</subfield>
    <subfield code="d">2017-05-31</subfield>
    <subfield code="p">01-B-3979</subfield>
    <subfield code="r">2017-05-31</subfield>
    <subfield code="u"> management</subfield>
    <subfield code="w">2017-05-31</subfield>
    <subfield code="y">02</subfield>
  </datafield>
  <datafield tag="952" ind1=" " ind2=" ">
    <subfield code="0">0</subfield>
    <subfield code="1">0</subfield>
    <subfield code="2">ddc</subfield>
    <subfield code="4">0</subfield>
    <subfield code="7">0</subfield>
    <subfield code="a">01</subfield>
    <subfield code="b">01</subfield>
    <subfield code="d">2017-05-31</subfield>
    <subfield code="p">01-B-3980</subfield>
    <subfield code="r">2017-05-31</subfield>
    <subfield code="u"> management</subfield>
    <subfield code="w">2017-05-31</subfield>
    <subfield code="y">02</subfield>
  </datafield>
  <datafield tag="952" ind1=" " ind2=" ">
    <subfield code="0">0</subfield>
    <subfield code="1">0</subfield>
    <subfield code="2">ddc</subfield>
    <subfield code="4">0</subfield>
    <subfield code="7">0</subfield>
    <subfield code="a">01</subfield>
    <subfield code="b">01</subfield>
    <subfield code="d">2017-05-31</subfield>
    <subfield code="p">01-B-3981</subfield>
    <subfield code="r">2017-05-31</subfield>
    <subfield code="u"> management</subfield>
    <subfield code="w">2017-05-31</subfield>
    <subfield code="y">02</subfield>
  </datafield>
  <datafield tag="952" ind1=" " ind2=" ">
    <subfield code="0">0</subfield>
    <subfield code="1">0</subfield>
    <subfield code="2">ddc</subfield>
    <subfield code="4">0</subfield>
    <subfield code="7">0</subfield>
    <subfield code="a">01</subfield>
    <subfield code="b">01</subfield>
    <subfield code="d">2017-05-31</subfield>
    <subfield code="p">01-B-3982</subfield>
    <subfield code="r">2017-05-31</subfield>
    <subfield code="u"> management</subfield>
    <subfield code="w">2017-05-31</subfield>
    <subfield code="y">02</subfield>
  </datafield>
  <datafield tag="952" ind1=" " ind2=" ">
    <subfield code="0">0</subfield>
    <subfield code="1">0</subfield>
    <subfield code="2">ddc</subfield>
    <subfield code="4">0</subfield>
    <subfield code="7">0</subfield>
    <subfield code="a">01</subfield>
    <subfield code="b">01</subfield>
    <subfield code="d">2017-05-31</subfield>
    <subfield code="p">01-B-3983</subfield>
    <subfield code="r">2017-05-31</subfield>
    <subfield code="u"> management</subfield>
    <subfield code="w">2017-05-31</subfield>
    <subfield code="y">02</subfield>
  </datafield>
  <datafield tag="952" ind1=" " ind2=" ">
    <subfield code="0">0</subfield>
    <subfield code="1">0</subfield>
    <subfield code="2">ddc</subfield>
    <subfield code="4">0</subfield>
    <subfield code="7">0</subfield>
    <subfield code="a">01</subfield>
    <subfield code="b">01</subfield>
    <subfield code="d">2017-05-31</subfield>
    <subfield code="p">01-B-3984</subfield>
    <subfield code="r">2017-05-31</subfield>
    <subfield code="u"> management</subfield>
    <subfield code="w">2017-05-31</subfield>
    <subfield code="y">02</subfield>
  </datafield>
  <datafield tag="952" ind1=" " ind2=" ">
    <subfield code="0">0</subfield>
    <subfield code="1">0</subfield>
    <subfield code="2">ddc</subfield>
    <subfield code="4">0</subfield>
    <subfield code="7">0</subfield>
    <subfield code="a">01</subfield>
    <subfield code="b">01</subfield>
    <subfield code="d">2017-05-31</subfield>
    <subfield code="p">01-B-3985</subfield>
    <subfield code="r">2017-05-31</subfield>
    <subfield code="u"> management</subfield>
    <subfield code="w">2017-05-31</subfield>
    <subfield code="y">02</subfield>
  </datafield>
  <datafield tag="952" ind1=" " ind2=" ">
    <subfield code="0">0</subfield>
    <subfield code="1">0</subfield>
    <subfield code="2">ddc</subfield>
    <subfield code="4">0</subfield>
    <subfield code="7">0</subfield>
    <subfield code="a">01</subfield>
    <subfield code="b">01</subfield>
    <subfield code="d">2017-05-31</subfield>
    <subfield code="p">01-B-3987</subfield>
    <subfield code="r">2017-05-31</subfield>
    <subfield code="u"> management</subfield>
    <subfield code="w">2017-05-31</subfield>
    <subfield code="y">02</subfield>
  </datafield>
  <datafield tag="952" ind1=" " ind2=" ">
    <subfield code="0">0</subfield>
    <subfield code="1">0</subfield>
    <subfield code="2">ddc</subfield>
    <subfield code="4">0</subfield>
    <subfield code="7">0</subfield>
    <subfield code="a">01</subfield>
    <subfield code="b">01</subfield>
    <subfield code="d">2017-05-31</subfield>
    <subfield code="p">01-B-3988</subfield>
    <subfield code="r">2017-05-31</subfield>
    <subfield code="u"> management</subfield>
    <subfield code="w">2017-05-31</subfield>
    <subfield code="y">02</subfield>
  </datafield>
  <datafield tag="952" ind1=" " ind2=" ">
    <subfield code="0">0</subfield>
    <subfield code="1">0</subfield>
    <subfield code="2">ddc</subfield>
    <subfield code="4">0</subfield>
    <subfield code="7">0</subfield>
    <subfield code="a">01</subfield>
    <subfield code="b">01</subfield>
    <subfield code="d">2017-05-31</subfield>
    <subfield code="p">01-B-3989</subfield>
    <subfield code="r">2017-05-31</subfield>
    <subfield code="u"> management</subfield>
    <subfield code="w">2017-05-31</subfield>
    <subfield code="y">02</subfield>
  </datafield>
  <datafield tag="952" ind1=" " ind2=" ">
    <subfield code="0">0</subfield>
    <subfield code="1">0</subfield>
    <subfield code="2">ddc</subfield>
    <subfield code="4">0</subfield>
    <subfield code="7">0</subfield>
    <subfield code="a">01</subfield>
    <subfield code="b">01</subfield>
    <subfield code="d">2017-05-31</subfield>
    <subfield code="p">01-B-3990</subfield>
    <subfield code="r">2017-05-31</subfield>
    <subfield code="u"> management</subfield>
    <subfield code="w">2017-05-31</subfield>
    <subfield code="y">02</subfield>
  </datafield>
  <datafield tag="952" ind1=" " ind2=" ">
    <subfield code="0">0</subfield>
    <subfield code="1">0</subfield>
    <subfield code="2">ddc</subfield>
    <subfield code="4">0</subfield>
    <subfield code="7">0</subfield>
    <subfield code="a">01</subfield>
    <subfield code="b">01</subfield>
    <subfield code="d">2017-05-31</subfield>
    <subfield code="p">01-B-3991</subfield>
    <subfield code="r">2017-05-31</subfield>
    <subfield code="u"> management</subfield>
    <subfield code="w">2017-05-31</subfield>
    <subfield code="y">02</subfield>
  </datafield>
  <datafield tag="952" ind1=" " ind2=" ">
    <subfield code="0">0</subfield>
    <subfield code="1">0</subfield>
    <subfield code="2">ddc</subfield>
    <subfield code="4">0</subfield>
    <subfield code="7">0</subfield>
    <subfield code="a">01</subfield>
    <subfield code="b">01</subfield>
    <subfield code="d">2017-05-31</subfield>
    <subfield code="p">01-B-3992</subfield>
    <subfield code="r">2017-05-31</subfield>
    <subfield code="u"> management</subfield>
    <subfield code="w">2017-05-31</subfield>
    <subfield code="y">02</subfield>
  </datafield>
  <datafield tag="952" ind1=" " ind2=" ">
    <subfield code="0">0</subfield>
    <subfield code="1">0</subfield>
    <subfield code="2">ddc</subfield>
    <subfield code="4">0</subfield>
    <subfield code="7">0</subfield>
    <subfield code="a">01</subfield>
    <subfield code="b">01</subfield>
    <subfield code="d">2017-05-31</subfield>
    <subfield code="p">01-B-3993</subfield>
    <subfield code="r">2017-05-31</subfield>
    <subfield code="u"> management</subfield>
    <subfield code="w">2017-05-31</subfield>
    <subfield code="y">02</subfield>
  </datafield>
  <datafield tag="952" ind1=" " ind2=" ">
    <subfield code="0">0</subfield>
    <subfield code="1">0</subfield>
    <subfield code="2">ddc</subfield>
    <subfield code="4">0</subfield>
    <subfield code="7">0</subfield>
    <subfield code="a">01</subfield>
    <subfield code="b">01</subfield>
    <subfield code="d">2017-05-31</subfield>
    <subfield code="p">01-B-3994</subfield>
    <subfield code="r">2017-05-31</subfield>
    <subfield code="u"> management</subfield>
    <subfield code="w">2017-05-31</subfield>
    <subfield code="y">02</subfield>
  </datafield>
  <datafield tag="952" ind1=" " ind2=" ">
    <subfield code="0">0</subfield>
    <subfield code="1">0</subfield>
    <subfield code="2">ddc</subfield>
    <subfield code="4">0</subfield>
    <subfield code="7">0</subfield>
    <subfield code="a">01</subfield>
    <subfield code="b">01</subfield>
    <subfield code="d">2017-05-31</subfield>
    <subfield code="p">01-B-3995</subfield>
    <subfield code="r">2017-05-31</subfield>
    <subfield code="u"> management</subfield>
    <subfield code="w">2017-05-31</subfield>
    <subfield code="y">02</subfield>
  </datafield>
  <datafield tag="952" ind1=" " ind2=" ">
    <subfield code="0">0</subfield>
    <subfield code="1">0</subfield>
    <subfield code="2">ddc</subfield>
    <subfield code="4">0</subfield>
    <subfield code="7">0</subfield>
    <subfield code="a">01</subfield>
    <subfield code="b">01</subfield>
    <subfield code="d">2017-05-31</subfield>
    <subfield code="p">01-B-3996</subfield>
    <subfield code="r">2017-05-31</subfield>
    <subfield code="u"> management</subfield>
    <subfield code="w">2017-05-31</subfield>
    <subfield code="y">02</subfield>
  </datafield>
  <datafield tag="952" ind1=" " ind2=" ">
    <subfield code="0">0</subfield>
    <subfield code="1">0</subfield>
    <subfield code="2">ddc</subfield>
    <subfield code="4">0</subfield>
    <subfield code="7">0</subfield>
    <subfield code="a">01</subfield>
    <subfield code="b">01</subfield>
    <subfield code="d">2017-05-31</subfield>
    <subfield code="p">01-B-3997</subfield>
    <subfield code="r">2017-05-31</subfield>
    <subfield code="u"> management</subfield>
    <subfield code="w">2017-05-31</subfield>
    <subfield code="y">02</subfield>
  </datafield>
  <datafield tag="952" ind1=" " ind2=" ">
    <subfield code="0">0</subfield>
    <subfield code="1">0</subfield>
    <subfield code="2">ddc</subfield>
    <subfield code="4">0</subfield>
    <subfield code="7">0</subfield>
    <subfield code="a">01</subfield>
    <subfield code="b">01</subfield>
    <subfield code="d">2017-05-31</subfield>
    <subfield code="p">01-B-3998</subfield>
    <subfield code="r">2017-05-31</subfield>
    <subfield code="u"> management</subfield>
    <subfield code="w">2017-05-31</subfield>
    <subfield code="y">02</subfield>
  </datafield>
  <datafield tag="952" ind1=" " ind2=" ">
    <subfield code="0">0</subfield>
    <subfield code="1">0</subfield>
    <subfield code="2">ddc</subfield>
    <subfield code="4">0</subfield>
    <subfield code="7">0</subfield>
    <subfield code="a">01</subfield>
    <subfield code="b">01</subfield>
    <subfield code="d">2017-05-31</subfield>
    <subfield code="p">01-B-3999</subfield>
    <subfield code="r">2017-05-31</subfield>
    <subfield code="u"> management</subfield>
    <subfield code="w">2017-05-31</subfield>
    <subfield code="y">02</subfield>
  </datafield>
  <datafield tag="952" ind1=" " ind2=" ">
    <subfield code="0">0</subfield>
    <subfield code="1">0</subfield>
    <subfield code="2">ddc</subfield>
    <subfield code="4">0</subfield>
    <subfield code="7">0</subfield>
    <subfield code="a">01</subfield>
    <subfield code="b">01</subfield>
    <subfield code="d">2017-05-31</subfield>
    <subfield code="p">01-B-4000</subfield>
    <subfield code="r">2017-05-31</subfield>
    <subfield code="u"> management</subfield>
    <subfield code="w">2017-05-31</subfield>
    <subfield code="y">02</subfield>
  </datafield>
  <datafield tag="952" ind1=" " ind2=" ">
    <subfield code="0">0</subfield>
    <subfield code="1">0</subfield>
    <subfield code="2">ddc</subfield>
    <subfield code="4">0</subfield>
    <subfield code="7">0</subfield>
    <subfield code="a">01</subfield>
    <subfield code="b">01</subfield>
    <subfield code="d">2017-05-31</subfield>
    <subfield code="p">01-B-4001</subfield>
    <subfield code="r">2017-05-31</subfield>
    <subfield code="u"> management</subfield>
    <subfield code="w">2017-05-31</subfield>
    <subfield code="y">02</subfield>
  </datafield>
  <datafield tag="952" ind1=" " ind2=" ">
    <subfield code="0">0</subfield>
    <subfield code="1">0</subfield>
    <subfield code="2">ddc</subfield>
    <subfield code="4">0</subfield>
    <subfield code="7">0</subfield>
    <subfield code="a">01</subfield>
    <subfield code="b">01</subfield>
    <subfield code="d">2017-05-31</subfield>
    <subfield code="p">01-B-4002</subfield>
    <subfield code="r">2017-05-31</subfield>
    <subfield code="u"> management</subfield>
    <subfield code="w">2017-05-31</subfield>
    <subfield code="y">02</subfield>
  </datafield>
  <datafield tag="952" ind1=" " ind2=" ">
    <subfield code="0">0</subfield>
    <subfield code="1">0</subfield>
    <subfield code="2">ddc</subfield>
    <subfield code="4">0</subfield>
    <subfield code="7">0</subfield>
    <subfield code="a">01</subfield>
    <subfield code="b">01</subfield>
    <subfield code="d">2017-05-31</subfield>
    <subfield code="p">01-B-4003</subfield>
    <subfield code="r">2018-03-03</subfield>
    <subfield code="u"> management</subfield>
    <subfield code="w">2017-05-31</subfield>
    <subfield code="y">02</subfield>
  </datafield>
  <datafield tag="952" ind1=" " ind2=" ">
    <subfield code="0">0</subfield>
    <subfield code="1">0</subfield>
    <subfield code="2">ddc</subfield>
    <subfield code="4">0</subfield>
    <subfield code="7">0</subfield>
    <subfield code="a">01</subfield>
    <subfield code="b">01</subfield>
    <subfield code="d">2017-05-31</subfield>
    <subfield code="p">01-B-4004</subfield>
    <subfield code="r">2017-05-31</subfield>
    <subfield code="u"> management</subfield>
    <subfield code="w">2017-05-31</subfield>
    <subfield code="y">02</subfield>
  </datafield>
  <datafield tag="952" ind1=" " ind2=" ">
    <subfield code="0">0</subfield>
    <subfield code="1">0</subfield>
    <subfield code="2">ddc</subfield>
    <subfield code="4">0</subfield>
    <subfield code="7">0</subfield>
    <subfield code="a">01</subfield>
    <subfield code="b">01</subfield>
    <subfield code="d">2017-05-31</subfield>
    <subfield code="p">01-B-4005</subfield>
    <subfield code="r">2017-05-31</subfield>
    <subfield code="u"> management</subfield>
    <subfield code="w">2017-05-31</subfield>
    <subfield code="y">02</subfield>
  </datafield>
  <datafield tag="952" ind1=" " ind2=" ">
    <subfield code="0">0</subfield>
    <subfield code="1">0</subfield>
    <subfield code="2">ddc</subfield>
    <subfield code="4">0</subfield>
    <subfield code="7">0</subfield>
    <subfield code="a">01</subfield>
    <subfield code="b">01</subfield>
    <subfield code="d">2017-05-31</subfield>
    <subfield code="p">01-B-10170</subfield>
    <subfield code="r">2017-05-31</subfield>
    <subfield code="u"> management</subfield>
    <subfield code="w">2017-05-31</subfield>
    <subfield code="y">02</subfield>
  </datafield>
  <datafield tag="952" ind1=" " ind2=" ">
    <subfield code="0">0</subfield>
    <subfield code="1">0</subfield>
    <subfield code="2">ddc</subfield>
    <subfield code="4">0</subfield>
    <subfield code="7">0</subfield>
    <subfield code="a">01</subfield>
    <subfield code="b">01</subfield>
    <subfield code="d">2017-05-31</subfield>
    <subfield code="p">01-B-10171</subfield>
    <subfield code="r">2017-05-31</subfield>
    <subfield code="u"> management</subfield>
    <subfield code="w">2017-05-31</subfield>
    <subfield code="y">02</subfield>
  </datafield>
  <datafield tag="952" ind1=" " ind2=" ">
    <subfield code="0">0</subfield>
    <subfield code="1">0</subfield>
    <subfield code="2">ddc</subfield>
    <subfield code="4">0</subfield>
    <subfield code="7">0</subfield>
    <subfield code="a">01</subfield>
    <subfield code="b">01</subfield>
    <subfield code="d">2017-05-31</subfield>
    <subfield code="p">01-B-10172</subfield>
    <subfield code="r">2017-05-31</subfield>
    <subfield code="u"> management</subfield>
    <subfield code="w">2017-05-31</subfield>
    <subfield code="y">02</subfield>
  </datafield>
</record>
